[Event "Madrid ch Super-Veteranos 2015-2016"]
[Site "Madrid ESP"]
[Date "2016.01.28"]
[Round "6.6"]
[White "Corredor Gonzalez, Angel L"]
[Black "Diaz Begonte, Manuel"]
[Result "0-1"]
[WhiteElo "1780"]
[BlackElo "1671"]
[PlyCount "90"]
[EventDate "2016.01.22"]
[EventType "swiss"]
[EventRounds "7"]
[EventCountry "ESP"]
[Source "lmi"]
[SourceDate "2016.01.22"]

1. e4 d5 2. exd5 Nf6 3. d4 Nxd5 4. c4 Nb6 5. Nc3 g6 6. Nf3 Bg7 7. Be3 O-O 8.
Qd2 Nc6 9. Bh6 Nxd4 10. Nxd4 Bxh6 11. Qxh6 Qxd4 12. Rd1 Qe5+ 13. Qe3 Qxe3+ 14.
fxe3 Bg4 15. Rd4 Be6 16. c5 Nd7 17. b4 a5 18. Bc4 Bxc4 19. Rxc4 axb4 20. Rxb4
Nxc5 21. O-O b6 22. Nd5 e6 23. Nxc7 Ra7 24. Nb5 Rxa2 25. Nd6 Na4 26. Rff4 Nc3
27. Rf2 Ra1+ 28. Rf1 Rxf1+ 29. Kxf1 Nd5 30. Rb3 Rb8 31. e4 Ne7 32. Kf2 e5 33.
Rf3 f5 34. exf5 Nxf5 35. Nxf5 gxf5 36. Rxf5 Rf8 37. Rf3 b5 38. Ke3 Rxf3+ 39.
gxf3 Kf7 40. Kd3 Kf6 41. Kc3 Kf5 42. Kb4 Kf4 43. Kxb5 Kxf3 44. Kc4 e4 45. Kc3
e3 0-1

[Event "Madrid ch Super-Veteranos 2015-2016"]
[Site "Madrid ESP"]
[Date "2016.01.28"]
[Round "6.7"]
[White "Ortega Morales, Pedro"]
[Black "Benito Alba, Eladio"]
[Result "0-1"]
[WhiteElo "1747"]
[BlackElo "1567"]
[PlyCount "54"]
[EventDate "2016.01.22"]
[EventType "swiss"]
[EventRounds "7"]
[EventCountry "ESP"]
[Source "lmi"]
[SourceDate "2016.01.22"]

1. d4 d5 2. Bf4 Nf6 3. e3 e6 4. Nf3 c5 5. c3 Nc6 6. Nbd2 Bd6 7. Be2 O-O 8. Ne5
c4 9. O-O Qc7 10. Ndf3 b5 11. a3 Bxe5 12. dxe5 Ne4 13. Qc2 Bb7 14. Nd4 Nxd4 15.
exd4 Qe7 16. f3 g5 17. Be3 f5 18. fxe4 f4 19. Bd2 dxe4 20. a4 f3 21. Bd1 g4 22.
Be3 fxg2 23. Rxf8+ Rxf8 24. Qxg2 h5 25. h3 Qh4 26. Be2 g3 27. Bf2 Rxf2 0-1

[Event "Madrid ch Super-Veteranos 2015-2016"]
[Site "Madrid ESP"]
[Date "2016.01.28"]
[Round "6.8"]
[White "Martinez Ruiz, Arturo"]
[Black "Alvarez Escudero, Manuel"]
[Result "0-1"]
[WhiteElo "1697"]
[BlackElo "1820"]
[PlyCount "48"]
[EventDate "2016.01.22"]
[EventType "swiss"]
[EventRounds "7"]
[EventCountry "ESP"]
[Source "lmi"]
[SourceDate "2016.01.22"]

1. Nf3 d5 2. d4 e6 3. g3 c5 4. c3 Nc6 5. Bg2 Nf6 6. O-O cxd4 7. cxd4 Bd6 8. Nc3
O-O 9. Bg5 h6 10. Bxf6 Qxf6 11. Rc1 Bd7 12. a3 Rac8 13. Re1 a6 14. e4 dxe4 15.
Nxe4 Qe7 16. Rc3 Rfd8 17. Qe2 Bb8 18. d5 exd5 19. Nc5 Qxe2 20. Rxe2 Rc7 21. b4
Ba7 22. Nxd7 Rcxd7 23. Ne5 Nxe5 24. Rxe5 Bd4 0-1

[Event "Madrid ch Super-Veteranos 2015-2016"]
[Site "Madrid ESP"]
[Date "2016.01.28"]
[Round "6.9"]
[White "Leniz Martinez, Francisco"]
[Black "Fernandez Martinez, Jose"]
[Result "1/2-1/2"]
[WhiteElo "1690"]
[BlackElo "1632"]
[PlyCount "54"]
[EventDate "2016.01.22"]
[EventType "swiss"]
[EventRounds "7"]
[EventCountry "ESP"]
[Source "lmi"]
[SourceDate "2016.01.22"]

1. d4 e6 2. c4 Nf6 3. Nc3 Bb4 4. Bd2 c5 5. dxc5 Bxc5 6. e3 O-O 7. Be2 Nc6 8.
Nf3 Be7 9. O-O d5 10. cxd5 exd5 11. h3 h6 12. a3 Bf5 13. Nb5 Rc8 14. Nbd4 Bd7
15. Rc1 Nxd4 16. Nxd4 Rxc1 17. Qxc1 Qb6 18. Bd3 Rc8 19. Qb1 a6 20. b4 Bf8 21.
Rc1 Qd8 22. Rxc8 Qxc8 23. Qc1 Qxc1+ 24. Bxc1 g6 25. h4 Ne8 26. e4 dxe4 27. Bxe4
Bc8 1/2-1/2

[Event "Madrid ch Super-Veteranos 2015-2016"]
[Site "Madrid ESP"]
[Date "2016.01.28"]
[Round "6.10"]
[White "Alfageme Sanchez, Jesus"]
[Black "Rodriguez Bachiller, Luis"]
[Result "0-1"]
[WhiteElo "1622"]
[BlackElo "1660"]
[PlyCount "90"]
[EventDate "2016.01.22"]
[EventType "swiss"]
[EventRounds "7"]
[EventCountry "ESP"]
[Source "lmi"]
[SourceDate "2016.01.22"]

1. f4 Nf6 2. Nf3 g6 3. e3 Bg7 4. d4 O-O 5. Bd3 d6 6. O-O b6 7. c3 Bb7 8. Nbd2
Nbd7 9. e4 c6 10. e5 Nd5 11. Ne4 dxe5 12. fxe5 Nc7 13. Be3 Nd5 14. Qd2 Nxe3 15.
Qxe3 Qc7 16. Nfg5 h6 17. Qh3 Bc8 18. Qh4 c5 19. Bc4 e6 20. Bxe6 fxe6 21. Rxf8+
Nxf8 22. Nf3 Bb7 23. Rf1 Bxe4 24. Qxe4 Rc8 25. d5 exd5 26. Qxd5+ Qf7 27. Qe4
Qe7 28. Re1 Ne6 29. Qxg6 Rf8 30. Nh4 Qxh4 31. Qxe6+ Kh7 32. Rf1 Rxf1+ 33. Kxf1
Qf4+ 34. Kg1 Qc1+ 35. Kf2 Qf4+ 36. Kg1 Qe3+ 37. Kf1 Qxe5 38. Qf7 Qf6+ 39. Qxf6
Bxf6 40. c4 Kg6 41. Ke2 Kf5 42. Kf3 h5 43. h3 h4 44. Ke3 Bg5+ 45. Kf3 Bc1 0-1

[Event "Madrid ch Super-Veteranos 2015-2016"]
[Site "Madrid ESP"]
[Date "2016.01.28"]
[Round "6.11"]
[White "Guimare Lorenzo, Juan L"]
[Black "Algaba Traspuesto, Jose Antonio"]
[Result "1/2-1/2"]
[WhiteElo "1605"]
[BlackElo "1632"]
[PlyCount "86"]
[EventDate "2016.01.22"]
[EventType "swiss"]
[EventRounds "7"]
[EventCountry "ESP"]
[Source "lmi"]
[SourceDate "2016.01.22"]

1. d4 Nf6 2. c4 e5 3. d5 Bb4+ 4. Bd2 Qe7 5. a3 Bxd2+ 6. Nxd2 c6 7. e4 d6 8. Ne2
c5 9. Ng3 O-O 10. Be2 Na6 11. O-O Nc7 12. b4 b6 13. f4 Bd7 14. b5 a5 15. fxe5
Qxe5 16. Nf3 Qe7 17. Qd3 Rae8 18. Nd2 Qe5 19. Rae1 Re7 20. Bd1 Qg5 21. Qe3
Qxe3+ 22. Rxe3 Rfe8 23. h3 Bc8 24. Bc2 Nd7 25. Nf5 Re5 26. Nxd6 Rf8 27. Nxc8
Rxc8 28. Rf5 Rce8 29. Rxe5 Nxe5 30. g4 Rd8 31. Kg2 Ne8 32. Bd1 Nd6 33. Be2 g5
34. h4 f6 35. hxg5 fxg5 36. Rh3 Ng6 37. Kg3 Nf4 38. Rh2 Re8 39. Bf3 Kg7 40. Rh1
h6 41. Kf2 Nd3+ 42. Ke3 Ne5 43. Be2 Rf8 1/2-1/2

[Event "Madrid ch Super-Veteranos 2015-2016"]
[Site "Madrid ESP"]
[Date "2016.01.28"]
[Round "6.12"]
[White "Olano Lanchas, Dionisio"]
[Black "Sanchez Lucena, Juan"]
[Result "1-0"]
[WhiteElo "1712"]
[BlackElo "1440"]
[PlyCount "57"]
[EventDate "2016.01.22"]
[EventType "swiss"]
[EventRounds "7"]
[EventCountry "ESP"]
[Source "lmi"]
[SourceDate "2016.01.22"]

1. g3 Nf6 2. c4 e6 3. d4 c5 4. Be3 cxd4 5. Bxd4 Be7 6. Bg2 Nc6 7. Bc3 Bb4 8. e4
Bxc3+ 9. Nxc3 e5 10. Nge2 O-O 11. O-O Rb8 12. a3 Qb6 13. b4 a6 14. c5 Qc7 15.
Nd5 Nxd5 16. exd5 Na7 17. d6 Qd8 18. Nc3 Nc6 19. Nd5 Kh8 20. a4 b5 21. cxb6 Bb7
22. a5 Nd4 23. f4 Nb5 24. fxe5 Re8 25. Re1 Rf8 26. Be4 Rc8 27. Qh5 g6 28. Qh6
Nd4 29. Nf6 1-0

[Event "Madrid ch Super-Veteranos 2015-2016"]
[Site "Madrid ESP"]
[Date "2016.01.28"]
[Round "6.13"]
[White "Jaumandreu Llopis, Antonio"]
[Black "Poblador Dieguez, Alfredo"]
[Result "0-1"]
[WhiteElo "1504"]
[BlackElo "1593"]
[PlyCount "94"]
[EventDate "2016.01.22"]
[EventType "swiss"]
[EventRounds "7"]
[EventCountry "ESP"]
[Source "lmi"]
[SourceDate "2016.01.22"]

1. e4 c5 2. d4 cxd4 3. c3 d3 4. Bxd3 e6 5. c4 Nc6 6. Nf3 Nf6 7. Nc3 d6 8. Qe2
a6 9. O-O Qc7 10. h3 Be7 11. Bf4 Nd7 12. Rfe1 Bf6 13. Qd2 O-O 14. Rac1 b6 15.
Nd5 Qd8 16. Nxf6+ Nxf6 17. Bg5 e5 18. b3 Be6 19. Bb1 h6 20. Bh4 Kh7 21. Rcd1
Qc8 22. Bd3 Nh5 23. Bg3 g5 24. Nh2 Nf4 25. Bf1 Nd4 26. Bxf4 gxf4 27. Qc3 Rg8
28. Kh1 f5 29. Nf3 Nxf3 30. Qxf3 fxe4 31. Rxe4 Qc6 32. Qd3 Bf5 33. f3 Bxe4 34.
fxe4 Rg6 35. Be2 a5 36. Bg4 Rf6 37. Qf3 a4 38. Bf5+ Kh8 39. Qg4 Rg8 40. Qh4 d5
41. exd5 Qd6 42. Be6 Rxe6 43. dxe6 Qxd1+ 44. Kh2 Qd3 45. Qf6+ Kh7 46. Qf7+ Rg7
47. Qf8 Qg3+ 0-1

[Event "Madrid ch Super-Veteranos 2015-2016"]
[Site "Madrid ESP"]
[Date "2016.01.29"]
[Round "7.1"]
[White "Estrada Martinez, Cesar"]
[Black "Pashov, Spas Nikolov"]
[Result "1/2-1/2"]
[WhiteElo "2079"]
[BlackElo "1722"]
[PlyCount "31"]
[EventDate "2016.01.22"]
[EventType "swiss"]
[EventRounds "7"]
[EventCountry "ESP"]
[Source "lmi"]
[SourceDate "2016.01.22"]

1. c4 Nf6 2. g3 g6 3. Bg2 Bg7 4. Nf3 d5 5. cxd5 Nxd5 6. O-O O-O 7. d4 c6 8. Nc3
b6 9. Nxd5 cxd5 10. Bf4 Nc6 11. Rc1 Bb7 12. Qd2 Rc8 13. Rc2 e6 14. Rd1 b5 15.
Bh3 Qa5 16. Qxa5 1/2-1/2

[Event "Madrid ch Super-Veteranos 2015-2016"]
[Site "Madrid ESP"]
[Date "2016.01.29"]
[Round "7.2"]
[White "Ciuro Muñoz, Ricardo"]
[Black "Mayer Schwartz, Rene"]
[Result "1/2-1/2"]
[WhiteElo "2024"]
[BlackElo "2015"]
[PlyCount "28"]
[EventDate "2016.01.22"]
[EventType "swiss"]
[EventRounds "7"]
[EventCountry "ESP"]
[Source "lmi"]
[SourceDate "2016.01.22"]

1. e4 d6 2. d4 e5 3. dxe5 dxe5 4. Qxd8+ Kxd8 5. Bc4 f6 6. Nc3 c6 7. Be3 Nd7 8.
a4 Bc5 9. Bxc5 Nxc5 10. Nge2 Be6 11. Bxe6 Nxe6 12. O-O a5 13. Rfd1+ Kc7 14. f3
Ne7 1/2-1/2

[Event "Madrid ch Super-Veteranos 2015-2016"]
[Site "Madrid ESP"]
[Date "2016.01.29"]
[Round "7.3"]
[White "Diaz Begonte, Manuel"]
[Black "Moragrega Herrero, Juan Jose"]
[Result "1-0"]
[WhiteElo "1671"]
[BlackElo "1837"]
[PlyCount "70"]
[EventDate "2016.01.22"]
[EventType "swiss"]
[EventRounds "7"]
[EventCountry "ESP"]
[Source "lmi"]
[SourceDate "2016.01.22"]

1. e4 e6 2. d4 d5 3. exd5 exd5 4. c4 Be6 5. cxd5 Bxd5 6. Nc3 Bb4 7. Bd2 Bc6 8.
a3 Bxc3 9. bxc3 Nf6 10. Qe2+ Kf8 11. Nf3 Bxf3 12. Qxf3 c6 13. Bc4 Nbd7 14. O-O
h6 15. Rab1 Nb6 16. Ba2 Qd6 17. a4 Qa3 18. Bb3 Qe7 19. Rfe1 Qd7 20. a5 Nbd5 21.
c4 Ne7 22. Bb4 Re8 23. d5 cxd5 24. cxd5 Kg8 25. d6 Nc6 26. Rxe8+ Nxe8 27. Ba4
Nf6 28. a6 Nd4 29. Qd1 b5 30. Qxd4 bxa4 31. Bc5 Kh7 32. Qd3+ g6 33. Bxa7 Qxa7
34. Rb7 Qc5 35. Rxf7+ Kg8 1-0

[Event "Madrid ch Super-Veteranos 2015-2016"]
[Site "Madrid ESP"]
[Date "2016.01.29"]
[Round "7.4"]
[White "Perez Cameselle, Francisco"]
[Black "Alvarez Escudero, Manuel"]
[Result "1-0"]
[WhiteElo "1917"]
[BlackElo "1820"]
[PlyCount "87"]
[EventDate "2016.01.22"]
[EventType "swiss"]
[EventRounds "7"]
[EventCountry "ESP"]
[Source "lmi"]
[SourceDate "2016.01.22"]

1. Nf3 Nf6 2. g3 c6 3. d3 e6 4. e4 d5 5. e5 Nfd7 6. Bg2 c5 7. O-O Qc7 8. Qe2
Nc6 9. Re1 g6 10. c3 d4 11. c4 Bg7 12. Bf4 h6 13. h4 g5 14. hxg5 hxg5 15. Nxg5
Bxe5 16. Bxe5 Qxe5 17. Ne4 Qh5 18. Qxh5 Rxh5 19. a3 Rb8 20. Nbd2 Ke7 21. f4 b6
22. Rab1 Bb7 23. b4 cxb4 24. axb4 Rbh8 25. Nf3 a5 26. g4 R5h6 27. bxa5 Nxa5 28.
Nxd4 Nc5 29. Nxc5 Rh1+ 30. Bxh1 Rxh1+ 31. Kf2 Rh2+ 32. Ke3 bxc5 33. Nb3 Nxb3
34. Rxb3 Bc6 35. Re2 Rh3+ 36. Kd2 Bf3 37. Rf2 Bxg4 38. Rb5 Bf5 39. Rb3 Kd6 40.
Ke2 Bg4+ 41. Kf1 Bf5 42. Kg2 Rxd3 43. Rxd3+ Bxd3 44. Rd2 1-0

[Event "Madrid ch Super-Veteranos 2015-2016"]
[Site "Madrid ESP"]
[Date "2016.01.29"]
[Round "7.6"]
[White "Benito Alba, Eladio"]
[Black "Gonzalez Rivera, Eduardo"]
[Result "0-1"]
[WhiteElo "1567"]
[BlackElo "2059"]
[PlyCount "80"]
[EventDate "2016.01.22"]
[EventType "swiss"]
[EventRounds "7"]
[EventCountry "ESP"]
[Source "lmi"]
[SourceDate "2016.01.22"]

1. d4 Nf6 2. c4 g6 3. Nc3 d5 4. cxd5 Nxd5 5. e4 Nxc3 6. bxc3 Bg7 7. Bc4 c5 8.
Nf3 Nc6 9. Bb2 cxd4 10. cxd4 b5 11. Bb3 O-O 12. O-O Na5 13. Rc1 Bg4 14. e5 Qb6
15. h3 Bf5 16. Qe2 Nxb3 17. axb3 Be6 18. Rc5 a6 19. Nd2 b4 20. Rfc1 Rac8 21.
Rxc8 Rxc8 22. Rxc8+ Bxc8 23. Qc4 Bb7 24. d5 Qb5 25. Qxb5 axb5 26. f4 Bxd5 27.
Bd4 e6 28. Kf2 h5 29. Bc5 h4 30. Bxb4 Bh6 31. g3 hxg3+ 32. Kxg3 g5 33. fxg5
Bxg5 34. Kf2 Bf4 35. Bc3 Kg7 36. b4 Kg6 37. Nf3 Bxf3 38. Kxf3 Kf5 39. h4 Bxe5
40. Bd2 Kg6 0-1

[Event "Madrid ch Super-Veteranos 2015-2016"]
[Site "Madrid ESP"]
[Date "2016.01.29"]
[Round "7.8"]
[White "Algaba Traspuesto, Jose Antonio"]
[Black "Corredor Gonzalez, Angel L"]
[Result "0-1"]
[WhiteElo "1632"]
[BlackElo "1780"]
[PlyCount "68"]
[EventDate "2016.01.22"]
[EventType "swiss"]
[EventRounds "7"]
[EventCountry "ESP"]
[Source "lmi"]
[SourceDate "2016.01.22"]

1. d4 d5 2. Bf4 Nf6 3. e3 g6 4. Nf3 Bg7 5. c4 O-O 6. Nc3 c6 7. Be2 Nbd7 8. h3
dxc4 9. Bxc4 b5 10. Bd3 b4 11. Na4 Qa5 12. O-O Bb7 13. Ne5 c5 14. Nc4 Qd8 15.
dxc5 Bc6 16. Be2 Rc8 17. Bf3 Bb5 18. Qc2 Nxc5 19. Nxc5 Rxc5 20. b3 Qc8 21. Rac1
Rd8 22. Rfd1 Nd5 23. Bxd5 Rcxd5 24. Rxd5 Rxd5 25. e4 Rc5 26. Be3 Rc7 27. Qd3
Bc3 28. Qd5 Bc6 29. Qd3 Rd7 30. Qc2 Qd8 31. f3 Bb5 32. Nb2 Bd2 33. Bxd2 Rxd2
34. Rd1 Qb6+ 0-1

[Event "Madrid ch Super-Veteranos 2015-2016"]
[Site "Madrid ESP"]
[Date "2016.01.29"]
[Round "7.9"]
[White "Fernandez Martinez, Jose"]
[Black "Olano Lanchas, Dionisio"]
[Result "1-0"]
[WhiteElo "1632"]
[BlackElo "1712"]
[PlyCount "51"]
[EventDate "2016.01.22"]
[EventType "swiss"]
[EventRounds "7"]
[EventCountry "ESP"]
[Source "lmi"]
[SourceDate "2016.01.22"]

1. e4 e5 2. Nf3 d6 3. Bc4 Be7 4. d4 exd4 5. Nxd4 Nf6 6. Nc3 c6 7. O-O b5 8. Bd3
O-O 9. a3 a6 10. Bg5 h6 11. Bf4 c5 12. Nf5 Bxf5 13. exf5 Nc6 14. Ne4 d5 15.
Nxf6+ Bxf6 16. c3 c4 17. Bc2 Re8 18. Re1 Qd7 19. Qd2 Ne7 20. Be5 Qc6 21. Rad1
Kh7 22. Qd4 Rad8 23. Bxf6 Qxf6 24. Qxf6 gxf6 25. Re2 Rd7 26. Rde1 1-0

[Event "Madrid ch Super-Veteranos 2015-2016"]
[Site "Madrid ESP"]
[Date "2016.01.29"]
[Round "7.10"]
[White "Poblador Dieguez, Alfredo"]
[Black "Leniz Martinez, Francisco"]
[Result "0-1"]
[WhiteElo "1593"]
[BlackElo "1690"]
[PlyCount "88"]
[EventDate "2016.01.22"]
[EventType "swiss"]
[EventRounds "7"]
[EventCountry "ESP"]
[Source "lmi"]
[SourceDate "2016.01.22"]

1. d4 Nf6 2. c4 c5 3. d5 b5 4. cxb5 a6 5. b6 g6 6. Nc3 Bg7 7. Bf4 d6 8. e4 Nbd7
9. Bd3 O-O 10. Nf3 Nxb6 11. O-O Bg4 12. h3 Bxf3 13. Qxf3 Nfd7 14. Qe2 Qc8 15.
Rab1 Re8 16. Rfc1 c4 17. Nd1 cxd3 18. Qxd3 Nc5 19. Qe3 Qb7 20. b4 Nca4 21. Qb3
Rec8 22. Be3 Rxc1 23. Rxc1 Rc8 24. Rc2 Rc7 25. Bxb6 Nxb6 26. Ne3 Qc8 27. Rxc7
Qxc7 28. g3 Qc3 29. Qxc3 Bxc3 30. Nc2 e6 31. dxe6 fxe6 32. Kf1 d5 33. exd5 exd5
34. Ke2 Kf7 35. Kd3 Bg7 36. g4 Be5 37. Ne3 Ke6 38. Nc2 Kd6 39. Nd4 Nc4 40. f3
Bf4 41. b5 Ne5+ 42. Kc3 axb5 43. Kb4 Nc6+ 44. Kc3 Be5 0-1

[Event "Madrid ch Super-Veteranos 2015-2016"]
[Site "Madrid ESP"]
[Date "2016.01.29"]
[Round "7.11"]
[White "Guimare Lorenzo, Juan L"]
[Black "Martin Rodriguez, Jose Luis"]
[Result "1-0"]
[WhiteElo "1605"]
[BlackElo "1313"]
[PlyCount "71"]
[EventDate "2016.01.22"]
[EventType "swiss"]
[EventRounds "7"]
[EventCountry "ESP"]
[Source "lmi"]
[SourceDate "2016.01.22"]

1. d4 Nf6 2. c4 e6 3. Nc3 Bb4 4. f3 d5 5. e3 O-O 6. Bd3 dxc4 7. Bxc4 Re8 8. e4
Nc6 9. Nge2 b6 10. O-O Bb7 11. Bg5 Be7 12. Qd2 a6 13. Be3 b5 14. Bb3 Bb4 15.
Rad1 a5 16. a3 Bxc3 17. bxc3 Qe7 18. Qb2 Ba6 19. Rf2 Rab8 20. Bg5 Qf8 21. Bxf6
gxf6 22. f4 a4 23. Bc2 Na5 24. Bd3 Nc4 25. Qb4 Ne3 26. Rc1 Qh6 27. Rf3 Ng4 28.
Rh3 Qg7 29. Rg3 h5 30. h3 Kh8 31. hxg4 hxg4 32. Kf2 Qh6 33. Qb1 Kg7 34. Rh1 Qg6
35. Rh4 Kf8 36. Rgxg4 1-0

[Event "Madrid ch Super-Veteranos 2015-2016"]
[Site "Madrid ESP"]
[Date "2016.01.29"]
[Round "7.12"]
[White "Carcasona Beltran, Jose Maria"]
[Black "Alfageme Sanchez, Jesus"]
[Result "0-1"]
[WhiteElo "1126"]
[BlackElo "1622"]
[PlyCount "82"]
[EventDate "2016.01.22"]
[EventType "swiss"]
[EventRounds "7"]
[EventCountry "ESP"]
[Source "lmi"]
[SourceDate "2016.01.22"]

1. e4 e5 2. Nf3 Nc6 3. Bc4 Bc5 4. O-O Nf6 5. Nc3 O-O 6. d3 h6 7. h3 d6 8. Re1
Na5 9. Bd5 c6 10. Bb3 Nxb3 11. axb3 a6 12. Be3 Bxe3 13. Rxe3 Nh7 14. d4 exd4
15. Qxd4 Be6 16. e5 d5 17. Na4 Rc8 18. Nc5 Qc7 19. Nxe6 fxe6 20. Qg4 Rf5 21.
Ra4 Rcf8 22. Qg6 Qe7 23. Rg4 R8f7 24. Qxh6 Ng5 25. Qh4 Nxf3+ 26. Rxf3 Qxh4 27.
Rxh4 Rxe5 28. Rg3 Re1+ 29. Kh2 Rxf2 30. Rhg4 Rf7 31. h4 Ref1 32. h5 R1f5 33. h6
Rh5+ 34. Rh3 Rxh3+ 35. Kxh3 Kh7 36. hxg7 Rxg7 37. Rxg7+ Kxg7 38. g4 Kg6 39. Kh4
e5 40. Kg3 Kg5 41. c4 d4 0-1